[Event "DEM U18 2019"]
[Site "Willingen GER"]
[Date "2019.06.15"]
[Round "9"]
[White "Schmider, Niklas"]
[Black "Engel, Luis"]
[Result "1/2-1/2"]
[Termination "normal"]
[Board "1"]
[BlackTitle "IM"]
[WhiteElo "2300"]
[BlackElo "2512"]
[WhiteClock "00:09:28"]
[BlackClock "01:01:40"]
[PlyCount "119"]
[WhiteFideId "12993778"]
[BlackFideId "12961523"]
[EventCountry "GER"]
[EventRounds "9"]
[EventType "swiss"]
[EventDate "2019.06.08"]

1. e4 {[%clk 1:30:58]} 1... c5 {[%clk 1:30:56]} 2. d3 {[%clk 1:31:22]} 2... Nc6
{[%clk 1:31:10]} 3. f4 {[%clk 1:31:43]} 3... g6 {[%clk 1:30:06]} 4. Nf3 { [%clk
1:31:38]} 4... Bg7 {[%clk 1:30:30]} 5. Be2 {[%clk 1:31:50]} 5... d5 { [%clk
1:26:57]} 6. c3 {[%clk 1:30:14]} 6... dxe4 {[%clk 1:23:14]} 7. dxe4 { [%clk
1:30:37]} 7... Qxd1+ {[%clk 1:23:39]} 8. Bxd1 {[%clk 1:31:02]} 8... Nf6 { [%clk
1:23:24]} 9. Bc2 {[%clk 1:30:15]} 9... O-O {[%clk 1:23:09]} 10. Be3 { [%clk
1:29:03]} 10... b6 {[%clk 1:22:38]} 11. h3 {[%clk 1:23:02]} 11... Ba6 { [%clk
1:17:34]} 12. g4 {[%clk 1:21:13]} 12... Rfd8 {[%clk 1:13:48]} 13. Nbd2 { [%clk
1:18:44]} 13... Bd3 {[%clk 1:09:18]} 14. Bxd3 {[%clk 1:17:38]} 14... Rxd3
{[%clk 1:09:42]} 15. Ke2 {[%clk 1:17:22]} 15... Rad8 {[%clk 1:07:29]} 16. e5 {
[%clk 1:10:11]} 16... Ne8 {[%clk 1:06:50]} 17. Rag1 {[%clk 0:53:13]} 17... Nc7
{[%clk 1:04:58]} 18. h4 {[%clk 0:47:41]} 18... R3d7 {[%clk 0:56:21]} 19. Ne4 {
[%clk 0:46:17]} 19... Nd5 {[%clk 0:54:51]} 20. Bc1 {[%clk 0:45:21]} 20... e6 {
[%clk 0:51:11]} 21. h5 {[%clk 0:41:24]} 21... f6 {[%clk 0:46:45]} 22. exf6 {
[%clk 0:36:34]} 22... Nxf6 {[%clk 0:47:06]} 23. Nxf6+ {[%clk 0:35:34]} 23...
Bxf6 {[%clk 0:47:29]} 24. hxg6 {[%clk 0:34:47]} 24... hxg6 {[%clk 0:47:51]} 25.
f5 {[%clk 0:30:45]} 25... gxf5 {[%clk 0:44:16]} 26. gxf5+ {[%clk 0:23:35]}
26... Rg7 {[%clk 0:44:37]} 27. Bg5 {[%clk 0:20:19]} 27... Bxg5 {[%clk 0:41:42]}
28. Nxg5 {[%clk 0:20:37]} 28... Rd5 {[%clk 0:39:41]} 29. Nxe6 {[%clk 0:19:49]}
29... Rxg1 {[%clk 0:40:03]} 30. Rxg1+ {[%clk 0:20:16]} 30... Kf7 { [%clk
0:40:20]} 31. Rg7+ {[%clk 0:17:39]} 31... Kf6 {[%clk 0:40:38]} 32. Rc7 { [%clk
0:17:02]} 32... Rxf5 {[%clk 0:39:08]} 33. Rxc6 {[%clk 0:16:02]} 33... Re5+
{[%clk 0:39:32]} 34. Kd3 {[%clk 0:16:20]} 34... Rxe6 {[%clk 0:39:56]} 35. Rc7
{[%clk 0:14:58]} 35... a6 {[%clk 0:38:30]} 36. a4 {[%clk 0:15:02]} 36... Re7
{[%clk 0:35:11]} 37. Rc6+ {[%clk 0:05:51]} 37... Re6 {[%clk 0:35:35]} 38. Rc7
{[%clk 0:05:57]} 38... Re7 {[%clk 0:35:59]} 39. Rc8 {[%clk 0:06:24]} 39... Ke5
{[%clk 0:34:57]} 40. a5 {[%clk 0:02:33]} 40... Rb7 {[%clk 0:32:24]} 41. axb6
{[%clk 0:23:03]} 41... Kd6 {[%clk 1:02:48]} 42. Kc4 {[%clk 0:15:42]} 42... Rxb6
{[%clk 1:03:11]} 43. b3 {[%clk 0:15:13]} 43... Rc6 {[%clk 1:02:46]} 44. Rh8
{[%clk 0:13:30]} 44... Kc7 {[%clk 1:02:02]} 45. Kd5 {[%clk 0:12:50]} 45... a5
{[%clk 1:00:07]} 46. Ra8 {[%clk 0:11:15]} 46... c4 {[%clk 0:58:57]} 47. bxc4
{[%clk 0:10:27]} 47... Rd6+ {[%clk 0:58:55]} 48. Kc5 {[%clk 0:10:22]} 48...
Rc6+ {[%clk 0:58:33]} 49. Kb5 {[%clk 0:10:43]} 49... Rb6+ {[%clk 0:58:55]} 50.
Kxa5 {[%clk 0:10:51]} 50... Rb3 {[%clk 0:59:10]} 51. Rh8 {[%clk 0:10:52]} 51...
Rxc3 {[%clk 0:59:08]} 52. Kb5 {[%clk 0:11:17]} 52... Rb3+ {[%clk 0:59:12]} 53.
Kc5 {[%clk 0:11:41]} 53... Rg3 {[%clk 0:59:36]} 54. Rh7+ {[%clk 0:11:28]} 54...
Kc8 {[%clk 1:00:00]} 55. Rh6 {[%clk 0:09:18]} 55... Kc7 {[%clk 1:00:23]} 56.
Kb5 {[%clk 0:09:25]} 56... Rb3+ {[%clk 1:00:30]} 57. Kc5 {[%clk 0:09:36]} 57...
Rg3 {[%clk 1:00:54]} 58. Rh7+ {[%clk 0:09:36]} 58... Kc8 {[%clk 1:01:18]} 59.
Kb5 {[%clk 0:09:05]} 59... Rg6 {[%clk 1:01:40]} 60. c5 {[%clk 0:09:28]} 1/2-1/2

[Event "DEM U18 2019"]
[Site "Willingen GER"]
[Date "2019.06.15"]
[Round "9"]
[White "Martin, Julian"]
[Black "Buckels, Valentin"]
[Result "0-1"]
[Termination "normal"]
[Board "2"]
[WhiteTitle "IM"]
[BlackTitle "IM"]
[WhiteElo "2370"]
[BlackElo "2448"]
[WhiteClock "00:08:47"]
[BlackClock "00:12:58"]
[PlyCount "50"]
[WhiteFideId "12941000"]
[BlackFideId "12942766"]
[EventCountry "GER"]
[EventRounds "9"]
[EventType "swiss"]
[EventDate "2019.06.08"]

1. e4 {[%clk 1:30:57]} 1... e5 {[%clk 1:30:55]} 2. Nf3 {[%clk 1:31:17]} 2...
Nc6 {[%clk 1:31:20]} 3. Bb5 {[%clk 1:31:38]} 3... g6 {[%clk 1:31:44]} 4. d4 {
[%clk 1:32:03]} 4... exd4 {[%clk 1:31:57]} 5. c3 {[%clk 1:32:27]} 5... dxc3 {
[%clk 1:31:19]} 6. Nxc3 {[%clk 1:32:49]} 6... h6 {[%clk 1:28:49]} 7. Bf4 {
[%clk 1:00:12]} 7... Bg7 {[%clk 1:14:10]} 8. Nd5 {[%clk 0:52:37]} 8... d6 {
[%clk 1:11:26]} 9. e5 {[%clk 0:51:55]} 9... a6 {[%clk 1:04:11]} 10. Qa4 { [%clk
0:48:40]} 10... axb5 {[%clk 0:44:53]} 11. Qxa8 {[%clk 0:48:17]} 11... dxe5
{[%clk 0:44:58]} 12. O-O-O {[%clk 0:44:57]} 12... Kf8 {[%clk 0:29:44]} 13. Bg3
{[%clk 0:24:43]} 13... h5 {[%clk 0:29:00]} 14. h4 {[%clk 0:18:50]} 14... Bh6+
{[%clk 0:24:59]} 15. Ng5 {[%clk 0:19:14]} 15... Kg7 {[%clk 0:21:03]} 16. f4
{[%clk 0:14:24]} 16... Qf8 {[%clk 0:18:43]} 17. Bf2 {[%clk 0:13:29]} 17... exf4
{[%clk 0:15:27]} 18. Rhe1 {[%clk 0:12:29]} 18... Nf6 {[%clk 0:13:53]} 19. Nxf6
{[%clk 0:10:36]} 19... Kxf6 {[%clk 0:14:19]} 20. Ne4+ {[%clk 0:10:03]} 20...
Kg7 {[%clk 0:14:48]} 21. Bc5 {[%clk 0:10:14]} 21... f3+ {[%clk 0:14:32]} 22.
Be3 {[%clk 0:07:51]} 22... Bxe3+ {[%clk 0:14:10]} 23. Rxe3 {[%clk 0:08:16]}
23... fxg2 {[%clk 0:13:50]} 24. Qa3 {[%clk 0:08:24]} 24... Qxa3 {[%clk 0:14:05]
} 25. Rxa3 {[%clk 0:08:47]} 25... Nd4 {[%clk 0:12:58]} 0-1

[Event "DEM U18 2019"]
[Site "Willingen GER"]
[Date "2019.06.15"]
[Round "9"]
[White "Parvanyan, Ashot"]
[Black "Vuckovic, Zarko"]
[Result "1/2-1/2"]
[Termination "normal"]
[Board "3"]
[WhiteTitle "IM"]
[WhiteElo "2421"]
[BlackElo "2132"]
[WhiteClock "00:23:14"]
[BlackClock "01:08:25"]
[PlyCount "46"]
[WhiteFideId "13307550"]
[BlackFideId "12952087"]
[EventCountry "GER"]
[EventRounds "9"]
[EventType "swiss"]
[EventDate "2019.06.08"]

1. Nf3 {[%clk 1:30:54]} 1... Nf6 {[%clk 1:30:40]} 2. c4 {[%clk 1:30:41]} 2...
e6 {[%clk 1:31:01]} 3. g3 {[%clk 1:30:42]} 3... d5 {[%clk 1:31:23]} 4. d4 {
[%clk 1:30:41]} 4... dxc4 {[%clk 1:31:42]} 5. Bg2 {[%clk 1:30:53]} 5... Nc6 {
[%clk 1:32:02]} 6. Qa4 {[%clk 1:29:09]} 6... Bd7 {[%clk 1:32:24]} 7. Qxc4 {
[%clk 1:27:36]} 7... Na5 {[%clk 1:32:49]} 8. Qd3 {[%clk 1:21:23]} 8... c5 {
[%clk 1:32:57]} 9. Ne5 {[%clk 1:16:29]} 9... Nc6 {[%clk 1:31:15]} 10. Nxc6 {
[%clk 0:59:13]} 10... Bxc6 {[%clk 1:30:56]} 11. Bxc6+ {[%clk 0:59:36]} 11...
bxc6 {[%clk 1:31:21]} 12. Qf3 {[%clk 0:58:32]} 12... cxd4 {[%clk 1:27:56]} 13.
Qxc6+ {[%clk 0:58:49]} 13... Nd7 {[%clk 1:28:19]} 14. O-O {[%clk 0:53:38]}
14... Rc8 {[%clk 1:27:41]} 15. Qa4 {[%clk 0:51:25]} 15... Bc5 {[%clk 1:24:16]}
16. Nd2 {[%clk 0:46:48]} 16... O-O {[%clk 1:24:16]} 17. Ne4 {[%clk 0:43:14]}
17... Bb6 {[%clk 1:22:32]} 18. Bg5 {[%clk 0:38:20]} 18... f6 {[%clk 1:20:20]}
19. Bd2 {[%clk 0:35:04]} 19... f5 {[%clk 1:14:10]} 20. Bg5 {[%clk 0:31:40]}
20... Nf6 {[%clk 1:08:33]} 21. Nxf6+ {[%clk 0:31:46]} 21... gxf6 { [%clk
1:08:52]} 22. Bh6 {[%clk 0:31:35]} 22... Qe8 {[%clk 1:08:06]} 23. Qb3 { [%clk
0:23:14]} 23... Rf7 {[%clk 1:08:25]} 1/2-1/2

[Event "DEM U18 2019"]
[Site "Willingen GER"]
[Date "2019.06.15"]
[Round "9"]
[White "Roseneck, Jonas"]
[Black "Arndt, Magnus"]
[Result "0-1"]
[Termination "normal"]
[Board "4"]
[WhiteTitle "FM"]
[WhiteElo "2403"]
[BlackElo "2186"]
[WhiteClock "00:07:46"]
[BlackClock "00:21:51"]
[PlyCount "90"]
[WhiteFideId "12939870"]
[BlackFideId "12998656"]
[EventCountry "GER"]
[EventRounds "9"]
[EventType "swiss"]
[EventDate "2019.06.08"]

1. e4 {[%clk 1:30:58]} 1... e5 {[%clk 1:30:55]} 2. Nf3 {[%clk 1:31:25]} 2...
Nc6 {[%clk 1:31:20]} 3. Bb5 {[%clk 1:31:52]} 3... a6 {[%clk 1:31:46]} 4. Ba4 {
[%clk 1:32:20]} 4... Nf6 {[%clk 1:32:11]} 5. O-O {[%clk 1:32:47]} 5... Be7 {
[%clk 1:32:37]} 6. Re1 {[%clk 1:33:15]} 6... b5 {[%clk 1:33:02]} 7. Bb3 { [%clk
1:33:43]} 7... O-O {[%clk 1:33:27]} 8. a4 {[%clk 1:34:12]} 8... b4 { [%clk
1:32:46]} 9. d4 {[%clk 1:34:38]} 9... d6 {[%clk 1:32:10]} 10. dxe5 { [%clk
1:35:00]} 10... Nxe5 {[%clk 1:31:28]} 11. Nbd2 {[%clk 1:35:22]} 11... Nfd7
{[%clk 1:29:05]} 12. Nd4 {[%clk 1:28:16]} 12... Bf6 {[%clk 1:28:12]} 13. Bd5
{[%clk 1:17:15]} 13... c6 {[%clk 1:18:42]} 14. Nxc6 {[%clk 1:15:44]} 14... Nxc6
{[%clk 1:18:24]} 15. Bxc6 {[%clk 1:16:11]} 15... Rb8 {[%clk 1:18:17]} 16. Nc4
{[%clk 0:44:58]} 16... Ne5 {[%clk 1:07:19]} 17. Nxe5 {[%clk 0:45:25]} 17...
Bxe5 {[%clk 1:07:42]} 18. Rb1 {[%clk 0:44:40]} 18... Qh4 {[%clk 0:50:18]} 19.
g3 {[%clk 0:38:30]} 19... Qh3 {[%clk 0:48:48]} 20. f4 {[%clk 0:37:53]} 20...
Bg4 {[%clk 0:47:56]} 21. Qd2 {[%clk 0:38:07]} 21... Bc3 {[%clk 0:43:24]} 22.
bxc3 {[%clk 0:31:07]} 22... bxc3 {[%clk 0:43:48]} 23. Qxc3 {[%clk 0:31:15]}
23... Rxb1 {[%clk 0:44:05]} 24. Bb2 {[%clk 0:30:25]} 24... Rxe1+ { [%clk
0:43:51]} 25. Qxe1 {[%clk 0:30:54]} 25... Bf3 {[%clk 0:39:47]} 26. Qf2 { [%clk
0:29:03]} 26... Rb8 {[%clk 0:36:20]} 27. c4 {[%clk 0:25:37]} 27... Rb3 { [%clk
0:32:10]} 28. Qc2 {[%clk 0:23:09]} 28... Rd3 {[%clk 0:31:43]} 29. Bd7 { [%clk
0:23:37]} 29... Qg2+ {[%clk 0:30:02]} 30. Qxg2 {[%clk 0:24:02]} 30... Bxg2
{[%clk 0:30:27]} 31. Kxg2 {[%clk 0:16:10]} 31... Rd2+ {[%clk 0:30:52]} 32. Kf3
{[%clk 0:15:37]} 32... Rxb2 {[%clk 0:31:16]} 33. e5 {[%clk 0:16:02]} 33... dxe5
{[%clk 0:29:49]} 34. fxe5 {[%clk 0:16:31]} 34... Rc2 {[%clk 0:23:34]} 35. e6
{[%clk 0:16:57]} 35... Kf8 {[%clk 0:23:58]} 36. exf7 {[%clk 0:16:43]} 36...
Kxf7 {[%clk 0:24:10]} 37. Bc8 {[%clk 0:08:52]} 37... a5 {[%clk 0:24:14]} 38.
Bb7 {[%clk 0:07:18]} 38... Ke7 {[%clk 0:23:34]} 39. Bd5 {[%clk 0:07:13]} 39...
Rxh2 {[%clk 0:23:09]} 40. Kf4 {[%clk 0:06:31]} 40... Kd6 {[%clk 0:23:11]} 41.
Bg8 {[%clk 0:06:57]} 41... Kc5 {[%clk 0:22:27]} 42. Kg5 {[%clk 0:07:05]} 42...
h6+ {[%clk 0:21:50]} 43. Kf5 {[%clk 0:07:13]} 43... Rf2+ {[%clk 0:22:07]} 44.
Ke5 {[%clk 0:07:40]} 44... Ra2 {[%clk 0:21:45]} 45. Kf5 {[%clk 0:07:46]} 45...
Rxa4 {[%clk 0:21:51]} 0-1

[Event "DEM U18 2019"]
[Site "Willingen GER"]
[Date "2019.06.15"]
[Round "9"]
[White "Runte, Moritz"]
[Black "Muckle, Julius"]
[Result "1/2-1/2"]
[Termination "normal"]
[Board "7"]
[BlackTitle "FM"]
[WhiteElo "2096"]
[BlackElo "2370"]
[WhiteClock "00:19:28"]
[BlackClock "00:05:12"]
[PlyCount "79"]
[WhiteFideId "12991449"]
[BlackFideId "12942430"]
[EventCountry "GER"]
[EventRounds "9"]
[EventType "swiss"]
[EventDate "2019.06.08"]

1. d4 {[%clk 1:30:57]} 1... d5 {[%clk 1:31:00]} 2. c4 {[%clk 1:31:17]} 2... c6
{[%clk 1:31:30]} 3. cxd5 {[%clk 1:31:40]} 3... cxd5 {[%clk 1:31:59]} 4. Bg5 {
[%clk 1:31:58]} 4... h6 {[%clk 1:31:49]} 5. Bh4 {[%clk 1:32:14]} 5... Qb6 {
[%clk 1:28:05]} 6. Nc3 {[%clk 1:32:26]} 6... e6 {[%clk 1:23:29]} 7. Qd2 { [%clk
1:32:41]} 7... Be7 {[%clk 1:20:36]} 8. Bxe7 {[%clk 1:32:05]} 8... Nxe7 { [%clk
1:21:05]} 9. Nf3 {[%clk 1:31:11]} 9... Nbc6 {[%clk 1:20:06]} 10. e3 { [%clk
1:31:13]} 10... Nf5 {[%clk 1:09:03]} 11. Bd3 {[%clk 1:26:28]} 11... Nd6 { [%clk
1:09:29]} 12. O-O {[%clk 1:25:47]} 12... O-O {[%clk 1:06:58]} 13. Rac1 { [%clk
1:15:12]} 13... Bd7 {[%clk 1:03:01]} 14. Na4 {[%clk 1:11:12]} 14... Qd8 { [%clk
1:03:08]} 15. Nc5 {[%clk 1:00:35]} 15... b6 {[%clk 1:01:12]} 16. Nxd7 { [%clk
0:59:25]} 16... Qxd7 {[%clk 1:01:41]} 17. Rc2 {[%clk 0:57:48]} 17... Ne4 {[%clk
0:48:53]} 18. Bxe4 {[%clk 0:54:23]} 18... dxe4 {[%clk 0:47:44]} 19. Ne5 {[%clk
0:54:18]} 19... Nxe5 {[%clk 0:48:13]} 20. dxe5 {[%clk 0:54:47]} 20... Qxd2
{[%clk 0:46:44]} 21. Rxd2 {[%clk 0:55:15]} 21... Rac8 {[%clk 0:47:01]} 22. f4
{[%clk 0:36:12]} 22... exf3 {[%clk 0:46:12]} 23. gxf3 {[%clk 0:36:34]} 23...
Rc5 {[%clk 0:44:16]} 24. f4 {[%clk 0:35:14]} 24... f6 {[%clk 0:44:29]} 25. exf6
{[%clk 0:35:05]} 25... Rxf6 {[%clk 0:44:58]} 26. Kg2 {[%clk 0:31:52]} 26...
Rcf5 {[%clk 0:38:48]} 27. Rff2 {[%clk 0:26:00]} 27... Kh7 {[%clk 0:29:37]} 28.
Rd6 {[%clk 0:23:29]} 28... g5 {[%clk 0:20:07]} 29. Rd7+ {[%clk 0:20:13]} 29...
Kg6 {[%clk 0:20:18]} 30. Rxa7 {[%clk 0:20:15]} 30... gxf4 {[%clk 0:17:21]} 31.
Rxf4 {[%clk 0:19:30]} 31... Rxf4 {[%clk 0:17:51]} 32. exf4 {[%clk 0:19:51]}
32... Rxf4 {[%clk 0:18:20]} 33. Rb7 {[%clk 0:19:45]} 33... Rb4 {[%clk 0:18:19]}
34. b3 {[%clk 0:20:09]} 34... Kf5 {[%clk 0:18:35]} 35. Rh7 {[%clk 0:18:54]}
35... Kg6 {[%clk 0:16:24]} 36. Re7 {[%clk 0:18:47]} 36... Kf5 {[%clk 0:13:59]}
37. Rh7 {[%clk 0:19:03]} 37... Kg6 {[%clk 0:07:54]} 38. Re7 {[%clk 0:19:20]}
38... Kf6 {[%clk 0:05:50]} 39. Rh7 {[%clk 0:19:28]} 39... Kg5 {[%clk 0:05:12]}
40. Rg7+ {[%clk 0:19:28]} 1/2-1/2

[Event "DEM U18 2019"]
[Site "Willingen GER"]
[Date "2019.06.15"]
[Round "9"]
[White "Ewert, Hannes"]
[Black "Schneider, Jana"]
[Result "1/2-1/2"]
[Termination "normal"]
[Board "10"]
[WhiteTitle "FM"]
[BlackTitle "FM"]
[WhiteElo "2268"]
[BlackElo "2235"]
[WhiteClock "00:03:12"]
[BlackClock "00:16:58"]
[PlyCount "93"]
[WhiteFideId "12961574"]
[BlackFideId "12924997"]
[EventCountry "GER"]
[EventRounds "9"]
[EventType "swiss"]
[EventDate "2019.06.08"]

1. d4 {[%clk 1:30:54]} 1... Nf6 {[%clk 1:30:48]} 2. c4 {[%clk 1:31:19]} 2... e6
{[%clk 1:31:12]} 3. Nf3 {[%clk 1:31:38]} 3... d5 {[%clk 1:31:33]} 4. g3 { [%clk
1:31:51]} 4... Be7 {[%clk 1:31:41]} 5. Bg2 {[%clk 1:30:43]} 5... O-O { [%clk
1:31:55]} 6. O-O {[%clk 1:30:25]} 6... c6 {[%clk 1:32:06]} 7. Qc2 { [%clk
1:28:52]} 7... b6 {[%clk 1:31:43]} 8. b3 {[%clk 1:26:58]} 8... Bb7 { [%clk
1:31:54]} 9. Nc3 {[%clk 1:26:09]} 9... Na6 {[%clk 1:29:42]} 10. Rd1 { [%clk
1:20:07]} 10... Rc8 {[%clk 1:28:43]} 11. e4 {[%clk 1:16:47]} 11... Re8 { [%clk
1:26:27]} 12. Bb2 12... Bf8 {[%clk 1:19:15]} 13. Rac1 {[%clk 1:06:47]} 13...
Qe7 {[%clk 1:15:55]} 14. e5 {[%clk 0:46:56]} 14... Nd7 {[%clk 1:15:28]} 15.
cxd5 {[%clk 0:39:20]} 15... exd5 {[%clk 1:15:04]} 16. Qd2 {[%clk 0:28:21]}
16... Nc7 {[%clk 1:09:56]} 17. Nh4 {[%clk 0:26:59]} 17... g6 {[%clk 1:04:02]}
18. f4 {[%clk 0:24:41]} 18... Bh6 {[%clk 1:02:57]} 19. Rc2 {[%clk 0:16:49]}
19... Ne6 {[%clk 0:56:15]} 20. Qf2 {[%clk 0:15:25]} 20... Ng7 {[%clk 0:56:05]}
21. Bh3 {[%clk 0:11:10]} 21... Rcd8 {[%clk 0:53:06]} 22. Re2 {[%clk 0:05:53]}
22... Nf8 {[%clk 0:51:03]} 23. Bc1 {[%clk 0:03:28]} 23... f5 {[%clk 0:47:49]}
24. Be3 {[%clk 0:02:40]} 24... Nfe6 {[%clk 0:45:18]} 25. Rc2 {[%clk 0:02:09]}
25... Nh5 {[%clk 0:41:45]} 26. Nf3 {[%clk 0:01:24]} 26... Bf8 {[%clk 0:40:41]}
27. Rb1 {[%clk 0:01:00]} 27... c5 {[%clk 0:30:21]} 28. Nb5 {[%clk 0:00:42]}
28... Qd7 {[%clk 0:26:43]} 29. Bf1 {[%clk 0:01:11]} 29... a6 {[%clk 0:24:59]}
30. Nd6 {[%clk 0:00:47]} 30... Bxd6 {[%clk 0:23:51]} 31. exd6 {[%clk 0:01:16]}
31... cxd4 {[%clk 0:23:24]} 32. Nxd4 {[%clk 0:01:18]} 32... Qxd6 { [%clk
0:22:44]} 33. Nxe6 {[%clk 0:01:31]} 33... Rxe6 {[%clk 0:22:53]} 34. Bd4 { [%clk
0:01:44]} 34... Nf6 {[%clk 0:21:34]} 35. Rbc1 {[%clk 0:01:04]} 35... Rd7 {[%clk
0:20:24]} 36. Be5 {[%clk 0:00:45]} 36... Qe7 {[%clk 0:16:00]} 37. Bd4 { [%clk
0:00:59]} 37... Qd6 {[%clk 0:05:53]} 38. Bd3 {[%clk 0:00:45]} 38... Ng4 { [%clk
0:04:47]} 39. Qd2 {[%clk 0:00:38]} 39... Qe7 {[%clk 0:03:10]} 40. Rc3 { [%clk
0:00:33]} 40... Qe8 {[%clk 0:01:53]} 41. Rc7 {[%clk 0:23:42]} 41... Rde7 {[%clk
0:21:56]} 42. a4 {[%clk 0:19:37]} 42... a5 {[%clk 0:18:12]} 43. Bb5 { [%clk
0:13:56]} 43... Qd8 {[%clk 0:17:52]} 44. Rxe7 {[%clk 0:14:20]} 44... Qxe7
{[%clk 0:18:11]} 45. h3 {[%clk 0:09:54]} 45... Nf6 {[%clk 0:17:50]} 46. Be5 {
[%clk 0:08:43]} 46... Ne4 {[%clk 0:16:58]} 47. Qd4 {[%clk 0:03:12]} 1/2-1/2

[Event "DEM U18 2019"]
[Site "Willingen GER"]
[Date "2019.06.15"]
[Round "9"]
[White "Mätzkow, Maximilian Paul"]
[Black "Schnabel, Bennett"]
[Result "1/2-1/2"]
[Termination "normal"]
[Board "12"]
[WhiteTitle "FM"]
[WhiteElo "2338"]
[BlackElo "2125"]
[WhiteClock "00:30:55"]
[BlackClock "00:32:03"]
[PlyCount "96"]
[WhiteFideId "24679933"]
[BlackFideId "12943290"]
[EventCountry "GER"]
[EventRounds "9"]
[EventType "swiss"]
[EventDate "2019.06.08"]

1. d4 {[%clk 1:30:59]} 1... d5 {[%clk 1:30:34]} 2. c4 {[%clk 1:30:44]} 2... e6
{[%clk 1:30:54]} 3. Nf3 {[%clk 1:30:29]} 3... c6 {[%clk 1:31:18]} 4. e3 { [%clk
1:30:40]} 4... Bd6 {[%clk 1:29:38]} 5. Bd3 {[%clk 1:29:50]} 5... f5 { [%clk
1:29:49]} 6. O-O {[%clk 1:30:13]} 6... Nf6 {[%clk 1:30:16]} 7. b3 { [%clk
1:30:22]} 7... Qe7 {[%clk 1:30:03]} 8. a4 {[%clk 1:30:33]} 8... Nbd7 { [%clk
1:13:06]} 9. Ba3 {[%clk 1:29:35]} 9... Ne4 {[%clk 1:13:07]} 10. Bxd6 { [%clk
1:28:58]} 10... Qxd6 {[%clk 1:13:27]} 11. a5 {[%clk 1:28:17]} 11... O-O { [%clk
1:09:39]} 12. Nbd2 {[%clk 0:53:46]} 12... e5 {[%clk 1:05:24]} 13. dxe5 { [%clk
0:53:04]} 13... Nxe5 {[%clk 1:05:34]} 14. Nxe5 {[%clk 0:52:44]} 14... Qxe5
{[%clk 1:05:42]} 15. Nf3 {[%clk 0:52:35]} 15... Qf6 {[%clk 0:55:50]} 16. cxd5
{[%clk 0:45:10]} 16... Nc3 {[%clk 0:55:22]} 17. Qd2 {[%clk 0:37:50]} 17... Nxd5
{[%clk 0:54:37]} 18. Rac1 {[%clk 0:35:42]} 18... a6 {[%clk 0:49:12]} 19. Nd4
{[%clk 0:31:59]} 19... f4 {[%clk 0:45:09]} 20. Bc4 {[%clk 0:30:43]} 20... Qg6
{[%clk 0:32:59]} 21. Bxd5+ {[%clk 0:30:08]} 21... cxd5 {[%clk 0:30:19]} 22.
exf4 {[%clk 0:28:28]} 22... Bh3 {[%clk 0:30:07]} 23. f3 {[%clk 0:28:43]} 23...
Rxf4 {[%clk 0:29:27]} 24. Rf2 {[%clk 0:27:09]} 24... Rf7 {[%clk 0:18:54]} 25.
Ne2 {[%clk 0:15:14]} 25... Raf8 {[%clk 0:18:09]} 26. Kh1 {[%clk 0:11:08]} 26...
Be6 {[%clk 0:15:00]} 27. Rcf1 {[%clk 0:08:57]} 27... h5 {[%clk 0:13:07]} 28.
Nc1 {[%clk 0:08:33]} 28... Qf5 {[%clk 0:11:09]} 29. Ne2 {[%clk 0:07:59]} 29...
Qg6 {[%clk 0:09:49]} 30. Nc1 {[%clk 0:07:12]} 30... Qf5 {[%clk 0:10:15]} 31.
Nd3 {[%clk 0:06:09]} 31... d4 {[%clk 0:10:16]} 32. b4 {[%clk 0:05:58]} 32...
Bc4 {[%clk 0:09:45]} 33. Rd1 {[%clk 0:06:23]} 33... Qxd3 {[%clk 0:09:23]} 34.
Qxd3 34... Bxd3 {[%clk 0:09:45]} 35. Rxd3 {[%clk 0:07:11]} 35... Rc8 { [%clk
0:09:46]} 36. Kg1 {[%clk 0:07:20]} 36... Rc4 {[%clk 0:08:14]} 37. Rb2 { [%clk
0:07:46]} 37... Rf5 {[%clk 0:07:43]} 38. Kf2 {[%clk 0:08:02]} 38... Rb5 { [%clk
0:08:06]} 39. Rdb3 {[%clk 0:08:17]} 39... Kf7 {[%clk 0:08:16]} 40. Ke2 { [%clk
0:08:14]} 40... Ke6 {[%clk 0:07:59]} 41. Kd3 {[%clk 0:08:30]} 41... Kd5 { [%clk
0:07:51]} 42. Rb1 {[%clk 0:07:09]} 42... b6 {[%clk 0:04:29]} 43. axb6 { [%clk
0:06:50]} 43... Rxb6 {[%clk 0:04:13]} 44. Ra1 {[%clk 0:02:42]} 44... Rcxb4
{[%clk 0:02:56]} 45. Rxb4 {[%clk 0:29:53]} 45... Rxb4 {[%clk 0:33:13]} 46. Rxa6
{[%clk 0:30:22]} 46... Rb3+ {[%clk 0:32:04]} 47. Kc2 {[%clk 0:30:32]} 47...
Rc3+ {[%clk 0:32:09]} 48. Kd2 {[%clk 0:30:55]} 48... Rc6 {[%clk 0:32:03]}
1/2-1/2